| 000 | 01323nam a22002657a 4500 | ||
|---|---|---|---|
| 999 |
_c63507 _d63507 |
||
| 005 | 20251125233103.0 | ||
| 008 | s2554 th ||||| |||| 00| 0 tha d | ||
| 020 | _a9789748259154 | ||
| 040 | _aNALT | ||
| 050 | _aHG4028.R5 ป474ค 2554 | ||
| 100 | 0 | _aปรียานุช พิบูลสราวุธ | |
| 245 | 1 | 0 | _aคลังหลวงกับหลักปรัชญาของเศรษฐกิจพอเพียง [2nd] |
| 260 | 3 |
_aกรุงเทพฯ : _bโครงการวิจัยเศรษฐกิจพอเพียง, _c2554 |
|
| 300 |
_a103 หน้า : _b ตาราง ; _c 21 ซม. |
||
| 650 | 0 | 4 | _aพระธรรมวิสุทธิมงคล (บัว ญาณสัมปันโน), 2456--2554 |
| 650 | 0 | 4 | _aกองทุนผ้าป่าช่วยชาติ |
| 650 | 0 | 4 | _aทุนสำรองระหว่างประเทศ |
| 650 | 0 | 4 | _aการคลัง -- ไทย -- ประวัติ |
| 650 | 0 | 4 | _aเศรษฐกิจพอเพียง |
| 650 | 0 | 4 | _aไทย -- ภาวะเศรษฐกิจ |
| 850 | _aNALT | ||
| 856 | 4 | 0 |
_uhttps://hdl.handle.net/20.500.14156/338206 _71 |
| 942 |
_cGB _2lcc |
||